| 000 | 00403nam a2200121Ia 4500 | ||
|---|---|---|---|
| 008 | 220204s9999 xx 000 0 und d | ||
| 082 |
_a338.43.01 _bNRP.24 |
||
| 100 | _aSHIVAKUMAR, KM | ||
| 245 | 0 | _aImpact of future markets on prices of plantation crops: The Indian experience | |
| 260 |
_aThiruvananthapuram _bCentre for Development Studies;2013 |
||
| 490 | _aNRPPD Discussion paper No.24 | ||
| 942 | _cBK | ||
| 999 |
_c44575 _d44575 |
||